| 000 -LEADER |
| fixed length control field |
00678nam a2200205Ia 4500 |
| 001 - CONTROL NUMBER |
| control field |
8381 |
| 003 - CONTROL NUMBER IDENTIFIER |
| control field |
GE_BSU |
| 008 - FIXED-LENGTH DATA ELEMENTS--GENERAL INFORMATION |
| fixed length control field |
181216s||||||||xx |||||||||||||| ||und|| |
| 040 ## - CATALOGING SOURCE |
| Transcribing agency |
GE_BSU |
| 080 ## - UNIVERSAL DECIMAL CLASSIFICATION NUMBER |
| Universal Decimal Classification number |
821.353.1-82 |
| 100 ## - MAIN ENTRY--PERSONAL NAME |
| Personal name |
ერისთავი,რაფიელ |
| 245 ## - TITLE STATEMENT |
| Title |
თხზულებანი. დრამატიული ნაწერები ტ.4 |
| 245 ## - TITLE STATEMENT |
| Statement of responsibility, etc. |
რედ. შ. რადიანი |
| 260 ## - PUBLICATION, DISTRIBUTION, ETC. |
| Place of publication, distribution, etc. |
ტბილისი |
| 260 ## - PUBLICATION, DISTRIBUTION, ETC. |
| Name of publisher, distributor, etc. |
სახელმწიფო გამოცემა |
| 260 ## - PUBLICATION, DISTRIBUTION, ETC. |
| Date of publication, distribution, etc. |
1938 |
| 300 ## - PHYSICAL DESCRIPTION |
| Extent |
494გვ.22სმ. |
| 653 ## - INDEX TERM--UNCONTROLLED |
| Uncontrolled term |
დრამატიული ნაწერები |
| 942 ## - ADDED ENTRY ELEMENTS (KOHA) |
| Koha item type |
წიგნი |